Farbnamen in Europa - Statistiken

Allgemein
  • Dieses Quiz wurde 109 mal gespielt
  • Das Durchschnittsergebnis liegt bei 19 aus 30
Antwortstatistiken
Sprache Farbe Wort % Korrekt
Englisch Grün Green
98%
Französisch Orange Orange
98%
Englisch Orange Orange
98%
Englisch Rot Red
98%
Englisch Gelb Yellow
98%
Englisch Schwarz Black
97%
Englisch Blau Blue
97%
Englisch Weiß White
97%
Englisch Braun Brown
94%
Englisch Lila Purple
91%
Englisch Rosa Pink
85%
Französisch Weiß Blanc
77%
Französisch Rosa Rose
77%
Französisch Rot Rouge
74%
Französisch Blau Bleu
69%
Französisch Schwarz Noir
60%
Französisch Lila Violet
57%
Spanisch Weiß Blanco
55%
Spanisch Rot Rojo
47%
Spanisch Grün Verde
46%
Spanisch Schwarz Negro
45%
Französisch Grün Vert
44%
Spanisch Blau Azul
34%
Spanisch Gelb Amarillo
31%
Spanisch Orange Anaranjado
31%
Französisch Gelb Jaune
30%
Spanisch Braun Marrón
29%
Französisch Braun Marron
29%
Spanisch Rosa Rosado
9%
Spanisch Lila Morado
5%
Keine übereinstimmenden Quizze gefunden
Verteilung der Resultate
Anzahl Personen mit jedem Resultat
Perzentil nach korrekt beantworteten Fragen
Ihre Resultats-Entwicklung
Sie haben dieses Quiz noch nicht gespielt